000 00289nam a2200097Ia 4500
001 1290371
005 20260417164514.0
008 260417s9999 xx 000 0 und d
245 0 _aKENDİMİ DURDURAMIYORUM-2 ŞİRİN PARK ÇETESİ
_cBİRSEN EKİM ÖZEN
260 _bTİMAŞ ÇOCUK YAYINLARI
999 _c1290371
_d1290371